| 000 | 00477nam a2200181Ia 4500 | ||
|---|---|---|---|
| 008 | 240925s9999 xx 000 0 und d | ||
| 020 | _a997151351x | ||
| 082 | _a658.562 MON | ||
| 100 | _aMontgomery, Douglas C. | ||
| 245 | 0 | _aIntroduction to Statistical Quality Control | |
| 250 | _a4th | ||
| 260 |
_aNew York: _bJohn Wiley & Sons _c,2001. |
||
| 300 |
_axxi,318p. _bNA _fPirated |
||
| 500 | _aIncludes Index | ||
| 600 | _aManagement | ||
| 650 | _aManagement | ||
| 942 | _cBK | ||
| 999 |
_c8071 _d8071 |
||